00790 a2200169 45000010006000000050017000060080041000230030015000640400040000790800031001192450015001502640032001653000019001975050371002160410008005871000025005955432820260407155815.0260407a1971 arg spa dAR-UNSa-BCEJYS aAR-UNSa-BCEJYSbspacAR-UNSa-BCEJYS a330xEconomía en general10aEconomía 1aBuenos Aires :bEDIARc1971 a343 p.c22 cm. a1. Introducción a la economía - 2. Las necesidades.Los bienes: Utilidad.Riqueza - 3. El valor - 4. La producción - 5. El capital. El interés - 6. El trabajo - 7. La circulación y el consumo - 8. Política económica.La economía planificada - 9. Moneda - 10. Precio, oferta y demanda - 11. Bancos.Crédito - 12. Cambio internacional - 13. El desarrollo aspa1 aFrancioni, Manuel J.